00786nam a2200193 i 450000100060000000300090000600500170001500700030003200800410003510000330007624501510010926000540026030000220031465000440033670000410038085200320042199900170045395201220047036283ES-MaACL20230906155334.0t|030217s1967 sp ||||1| spa d1 aBroseta Pont, Manuel.93193210aHacia una más fácil negociación y administración de los valores mobiliarios al portador / cpor Manuel Broseta Pont y Joaquín Maldonado. aValencia : b[s.n.], c1967 (fTip. Art. Puertes) a196 p. ; c22 cm. 4aValores mobiliarios-zEspaña.91403350 aMaldonado Chiarri, Joaquín.975724 aES-MaACLjC-34178 bR.64914 c36283d36283 00104070aATENEOMbATENEOMcDEPO2d2008-01-17eSCl0oC-34178p1038090r2023-02-23 00:00:00w2023-02-23yMONOGRAFIA